00836nam a2200205 a 4500008004100000020001800041050001400059100003000073245009000103250001200193260004700205300002600252350000900278650003700287650002500324700002700349995010700376999001700483952013000500100722s2010 ||||||||||||||||| || u a9780321640819 aQR 63 Joh aCase, Christine L., 1948-10aLaboratory experiments in microbiology. -- 9th ed.cTed R. Johnson, Christine L. Case a9th ed. aSan Fransisco, CAbBenjamin Cummingsc2010 axv, 470p. [8p.]: ill. a0.00 aMICROBIOLOGY--LABORATORY MANUALS aMEDICAL MICROBIOLOGY aJohnson, Ted R., 1946- D0.00FCBU-MAIN LIBRARY (Kitwe)H1I0.00M1UDAMAGEDWAug 26, 2010ZMain Library Open Access Collection c48726d48726 00102lcc4070a001b001cMain Library Open Access Collectiond2022-11-30l0oQR 63 Johp741448r2022-11-30w2022-11-30y002